All countries and territories to participate in Miss Universe - Statistics

General Stats
  • This quiz has been taken 24 times
    20 since last reset
  • The average score is 128 of 188
Answer Stats
Answer Times participated % Correct
Brazil 71
100%
France 74
100%
India 62
100%
Canada 74
94%
China 23
94%
Estonia 21
94%
Finland 70
94%
Germany 72
94%
Japan 72
94%
Mexico 68
94%
United States 73
94%
Venezuela 72
94%
Argentina 67
89%
Australia 62
89%
Austria 43
89%
Colombia 68
89%
Denmark 56
89%
Egypt 30
89%
Italy 72
89%
Latvia 5
89%
Namibia 32
89%
Nepal 9
89%
Netherlands 65
89%
Paraguay 63
89%
Peru 71
89%
Philippines 71
89%
Poland 42
89%
Portugal 43
89%
Russia 31
89%
Spain 66
89%
Sweden 67
89%
Angola 26
83%
Armenia 7
83%
Belgium 71
83%
Bulgaria 31
83%
Dominica 1
83%
Ecuador 68
83%
El Salvador 53
83%
French Guiana 3
83%
Greece 69
83%
Kazakhstan 16
83%
Lebanon 46
83%
Maldives 1
83%
Mongolia 4
83%
Nigeria 37
83%
Norway 65
83%
Panama 58
83%
Puerto Rico 71
83%
Slovenia 16
83%
Switzerland 60
83%
Thailand 61
83%
Trinidad and Tobago 48
83%
Albania 21
78%
Azerbaijan 1
78%
Bahamas 64
78%
Bangladesh 3
78%
Botswana 10
78%
Cambodia 9
78%
Croatia 29
78%
Cyprus 30
78%
Dominican Republic 63
78%
Equatorial Guinea 6
78%
Gabon 4
78%
Gambia 4
78%
Great Britain 30
78%
Guam 44
78%
Guinea 2
78%
Haiti 21
78%
Honduras 54
78%
Iceland 50
78%
Indonesia 29
78%
Iran 1
78%
Iraq 3
78%
Ireland 61
78%
Israel 71
78%
Kenya 12
78%
Kosovo 15
78%
Laos 9
78%
Malaysia 62
78%
Myanmar 15
78%
New Zealand 57
78%
Nicaragua 43
78%
Pakistan 3
78%
Slovakia 32
78%
South Africa 50
78%
South Korea 71
78%
Taiwan 18
78%
Uruguay 70
78%
Zimbabwe 11
78%
Bhutan 1
72%
Chile 62
72%
Costa Rica 70
72%
Cuba 16
72%
Czech Republic 32
72%
Democratic Republic of the Congo 10
72%
England 34
72%
Ethiopia 9
72%
Georgia 15
72%
Guyana 25
72%
Hungary 30
72%
Jamaica 52
72%
Kyrgyzstan 4
72%
Lithuania 4
72%
Luxembourg 27
72%
Mauritius 38
72%
Montenegro 7
72%
Morocco 9
72%
Scotland 29
72%
Serbia 11
72%
Singapore 63
72%
Turkey 64
72%
Ukraine 31
72%
Wales
72%
Zambia 11
72%
Antigua and Barbuda 10
67%
Belize 33
67%
Bolivia 67
67%
Fiji 3
67%
Ghana 24
67%
Grenada 1
67%
Guatemala 54
67%
Jordan 1
67%
Lesotho 1
67%
North Macedonia 1
67%
Romania 20
67%
Saint Lucia 13
67%
United Arab Emirates 2
67%
Uzbekistan 1
67%
Vietnam 18
67%
Aruba 58
61%
Bahrain 4
61%
Belarus 2
61%
Liberia 4
61%
Madagascar 1
61%
Malta 44
61%
Moldova 2
61%
Saint Vincent and the Grenadines 8
61%
Somalia 1
61%
Sri Lanka 48
61%
Suriname 23
61%
Swaziland 2
61%
Tunisia 7
61%
Yugoslavia 15
61%
Barbados 18
56%
Cameroon 5
56%
Côte d'Ivoire 3
56%
Eritrea 1
56%
Greenland 4
56%
Hong Kong 40
56%
Macau 2
56%
Rwanda 1
56%
Seychelles 2
56%
Sierra Leone 2
56%
Soviet Union 2
56%
American Samoa 4
50%
Curaçao 58
50%
Palestine 1
50%
Samoa 7
50%
Senegal 5
50%
Tanzania 14
50%
Bermuda 27
44%
British Virgin Islands 41
44%
Cayman Islands 35
44%
Gibraltar 9
44%
Guadeloupe 8
44%
Martinique 7
44%
Papua New Guinea 10
44%
Alaska 7
39%
Czechoslovakia 4
39%
French Polynesia 7
39%
Mayotte 1
39%
Northern Mariana Islands
39%
Bonaire 11
33%
Hawaii 5
33%
New Caledonia 1
33%
Réunion 10
28%
Serbia and Montenegro 4
28%
Sint Maarten 6
22%
Turks and Caicos Islands 31
22%
United States Virgin Islands 44
22%
Okinawa 6
17%
Rhodesia 1
17%
Dahomey 1
11%
Latina 1
11%
Bophuthatswana 1
6%
New Hebrides
6%
Saint Christopher-Nevis-Anguilla 3
6%
Transkei 4
6%
No matching quizzes found
Score Distribution
Percent of People with Each Score
Percentile by Number Answered
Your Score History
You have not taken this quiz since the last reset